000 00332nam a2200133Ia 4500
008 231221s9999 xx 000 0 und d
020 _a978-0-387-09564-6
041 _aEnglish
100 _aAntonio Badia
245 0 _aQuantifiers in Action
260 _c2009
_bSpringer US
_aNew York
650 _aComputer Science
942 _cEB
999 _c217944
_d217944